Christian Theology and Inter-Religious Dialogue (Record no. 10086)

MARC details
000 -LEADER
fixed length control field 00646nam a2200253 a 4500
020 ## - INTERNATIONAL STANDARD BOOK NUMBER
ISBN 1563380366
082 00 - DEWEY DECIMAL CLASSIFICATION NUMBER
Classification number 261.2
Author Cutter WIL
100 ## - MAIN ENTRY--AUTHOR NAME
Author name Wiles, Maurice
245 ## - TITLE STATEMENT
Title Christian Theology and Inter-Religious Dialogue
260 ## - PUBLICATION, DISTRIBUTION, ETC. (IMPRINT)
Place of publication Philadelphia
Name of publisher Trinity Press
Year of publication 1992
300 ## - PHYSICAL DESCRIPTION
Number of Pages 90p
500 ## - GENERAL NOTE
General note includes index and biblioraphy
505 2# - FORMATTED CONTENTS NOTE
Formatted contents note Index
650 ## - SUBJECT ADDED ENTRY--TOPICAL TERM
Topical Term Theology-Religions
650 ## - SUBJECT ADDED ENTRY--TOPICAL TERM
Topical Term Interfaith Dialogue
942 ## - ADDED ENTRY ELEMENTS (KOHA)
Koha item type Books
700 1# -
-- Wiles, Maurice
Holdings
Collection code Home library Current library Date acquired Cost, normal purchase price Full call number Accession Number Koha item type
  Henry Martyn Institute Library Henry Martyn Institute Library 02/06/2012 150.00 261.2 WIL 015059 Books
                   Copyright © 2026 | Henry Martyn Institute | Hyderabad | TS-500052 | INDIA | Implemented by hmi.edu.in
Hit-Count:

Powered by Koha